El balance de pagos (Registro nro. 4945)

Detalles MARC
000 -ENCABEZADO
Número de control [NR] 00787nam a2200229Ia 4500
008 - DE LONGITUD FIJA DE DATOS DE ELEMENTOS - INFORMACIÓN GENERAL
Elementos de longitud fija [NR] 130821s1976 ag a gr spa
040 ## - FUENTE DE CATALOGACION [NR]
Agencia de catalogación original [NR] Co-BoUCM
Idioma de catalogación [NR] spa
041 ## - CODIGO DE IDIOMA [R]
Código de idioma para texto/pista de sonido o título separado [R] Español
100 1# - ASIENTO PRINCIPAL--NOMBRE PERSONAL [NR]
Nombre personal [NR] Meade, James Edward
Fechas asociadas con el nombre [NR] 1907-
ID Autoridad 109629
245 13 - MENCION DE TITULO [NR]
Título [NR] El balance de pagos
Mención de responsabilidad, etc. [NR] James Edward Meade
260 ## - PUBLICACION, DISTRIBUCION, ETC. (PIE DE IMPRENTA) [R]
Lugar de publicación, distribución, etc. [R] Buenos Aires (Argentina)
Nombre del editor, distribuidor, etc. [R] EL Ateneo
Fecha de publicación, distribución, etc. [R] 1976
300 ## - DESCRIPCION FISICA [R]
Extensión [R] x, 374 páginas
Otros detalles físicos [NR] ilustraciones, gráficas
490 #0 - MENCION DE SERIE [R]
Mención de serie [R] Biblioteca de Ciencias Económicas.
-- Economía
500 ## - NOTA GENERAL [R]
Nota general [NR] El ejemplar No. 2 es Donación Dr. Álvaro Daza Roa.
500 ## - NOTA GENERAL [R]
Nota general [NR] Incluye índice.
650 04 - ASIENTO SECUNDARIO DE MATERIA - TERMINO TEMATICO [R]
Término temático o nombre geográfico como elemento de entrada [NR] Balanza de pagos
9 (RLIN) 9904
650 04 - ASIENTO SECUNDARIO DE MATERIA - TERMINO TEMATICO [R]
Término temático o nombre geográfico como elemento de entrada [NR] Economía política
9 (RLIN) 13709
650 04 - ASIENTO SECUNDARIO DE MATERIA - TERMINO TEMATICO [R]
Término temático o nombre geográfico como elemento de entrada [NR] Economía
9 (RLIN) 174
650 04 - ASIENTO SECUNDARIO DE MATERIA - TERMINO TEMATICO [R]
Término temático o nombre geográfico como elemento de entrada [NR] Microeconomía
9 (RLIN) 19488
942 ## - ELEMENTOS DE ENTRADA AGREGADOS (KOHA)
Tipo de ítem principal el descrito en 300a Libro
Tema principal Economía
Edición 1
Parte restante de la signatura top. M481b
Sistema de clasificación DEWEY
Clasificación 330
Existencias
Fecha de último préstamo Signatura topográfica Código de barras Última vez visto Ejemplar Price effective from Tipo de ítem Perdido Sistema de clasificación Dañado No prestable Tipo de ítem específico Suprimido Ubicación habitual Ubicación actual Localización Fecha de creación Forma de adquisición Costo Total préstamos
29/07/2011 FAD 330 M481b 100115328 09/05/2018 Ej.2 03/02/2013 Libro   DEWEY     Fondos especiales     Archivo Histórico Archivo histórico 28/02/2011 Donación 26000.00  
  330 M31 100012446 06/06/2012 Ej.1 03/02/2013 Libro   DEWEY     Libro   Bodega Bodega Préstamo 4 días después de solicitado 28/02/2003 Donación 780.00